书目信息 |
| 题名: |
绿色化工技术与产品开发
|
|
| 作者: | 宋晓岚 , 詹益兴 编著 | |
| 分册: | ||
| 出版信息: | 北京 化学工业出版社 2005 |
|
| 页数: | 618页 | |
| 开本: | 21cm | |
| 丛书名: | ||
| 单 册: | ||
| 中图分类: | X78 | |
| 科图分类: | ||
| 主题词: | 化学工业--无污染技术 , 化学工业 , 无污染技术 | |
| 电子资源: | ||
| ISBN: | 7-5025-6668-6 | |
| 000 | 00872nam0 2200277 450 | |
| 001 | 002854298 | |
| 005 | 20080303093941.90 | |
| 010 | @a7-5025-6668-6@dCNY38.00 | |
| 035 | @a002854298 | |
| 100 | @a20050331d2005 em y0chiy0110 ea | |
| 101 | 0 | @achi |
| 102 | @aCN@b110000 | |
| 105 | @ay zn 000yy | |
| 106 | @ar | |
| 200 | 1 | @a绿色化工技术与产品开发@Alv se hua gong ji shu yu chan pin kai fa@f宋晓岚,詹益兴编著 |
| 210 | @a北京@c化学工业出版社@d2005 | |
| 215 | @a618页@d21cm | |
| 330 | @a本书论述了多方面绿色化工技术专题研究进展,重点说明了绿色化工产品开发方面的研究成果和发展趋势,介绍了近百种绿色化工产品的生产方法。 | |
| 606 | 0 | @a化学工业@x无污染技术 |
| 606 | 0 | @a化学工业 |
| 606 | 0 | @a无污染技术 |
| 690 | @aX78@v4 | |
| 701 | 0 | @a宋晓岚@Asong xiao lan@4编著 |
| 701 | 0 | @a詹益兴@Azhan yi xing@4编著 |
| 801 | 0 | @aCN@bNLC@c20080303 |
| 905 | @dX78@e137@f4 | |
| 绿色化工技术与产品开发/宋晓岚,詹益兴编著.-北京:化学工业出版社,2005 |
| 618页;21cm |
| ISBN 7-5025-6668-6:CNY38.00 |
| 本书论述了多方面绿色化工技术专题研究进展,重点说明了绿色化工产品开发方面的研究成果和发展趋势,介绍了近百种绿色化工产品的生产方法。 |
| ● |
| 相关链接 |
|
|
|
|
正题名:绿色化工技术与产品开发
索取号:X78/137
 
预约/预借
| 序号 | 登录号 | 条形码 | 馆藏地/架位号 | 状态 | 备注 |
| 1 | 0614523 | 206145232 | 第二样本阅览室/ [索取号:X78/137] | 在馆 | |
| 2 | 0614524 | 206145241 | 第三借阅区/ [索取号:X78/137] | 在馆 | |
| 3 | 0614525 | 206145250 | 第三借阅区/ [索取号:X78/137] | 在馆 | |
| 4 | 0614526 | 206145269 | 第三借阅区/ [索取号:X78/137] | 在馆 |